MARC details
| 000 -LEADER |
| fixed length control field |
01412cam a2200361Ka 4500 |
| 001 - CONTROL NUMBER |
| control field |
z9mscp b3006256 |
| 003 - CONTROL NUMBER IDENTIFIER |
| control field |
OSt |
| 005 - DATE AND TIME OF LATEST TRANSACTION |
| control field |
20250310084407.0 |
| 008 - FIXED-LENGTH DATA ELEMENTS--GENERAL INFORMATION |
| fixed length control field |
090416s2009 sp a j 000 1 spa d |
| 020 ## - INTERNATIONAL STANDARD BOOK NUMBER |
| International Standard Book Number |
9788483430620 |
| 020 ## - INTERNATIONAL STANDARD BOOK NUMBER |
| International Standard Book Number |
8483430622 |
| 035 ## - SYSTEM CONTROL NUMBER |
| System control number |
(OCoLC)434721091 |
| 040 ## - CATALOGING SOURCE |
| Original cataloging agency |
BNM |
| Language of cataloging |
spa |
| Transcribing agency |
BNM |
| Modifying agency |
OCLCQ |
| -- |
NTG |
| 092 ## - LOCALLY ASSIGNED DEWEY CALL NUMBER (OCLC) |
| Classification number |
J JARQUE SPANISH |
| 100 1# - MAIN ENTRY--PERSONAL NAME |
| Personal name |
Jarque, Marta, |
| Dates associated with a name |
1962- |
| Authority record control number |
https://id.loc.gov/authorities/names/no2010085038. |
| 245 10 - TITLE STATEMENT |
| Title |
Daniel quiere ser detective / |
| Statement of responsibility, etc. |
Marta Jarque, texto ; Daniel Jim©♭nez, ilustraciones. |
| 250 ## - EDITION STATEMENT |
| Edition statement |
1a. ed. |
| 264 #1 - PRODUCTION, PUBLICATION, DISTRIBUTION, MANUFACTURE, AND COPYRIGHT NOTICE |
| Place of production, publication, distribution, manufacture |
[Barcelona] : |
| Name of producer, publisher, distributor, manufacturer |
Bamb©ð, |
| Date of production, publication, distribution, manufacture, or copyright notice |
2009. |
| 300 ## - PHYSICAL DESCRIPTION |
| Extent |
41 pages : |
| Other physical details |
color illustrations ; |
| Dimensions |
19 cm. |
| 336 ## - CONTENT TYPE |
| Content type term |
text |
| Content type code |
txt |
| Source |
rdacontent. |
| 337 ## - MEDIA TYPE |
| Media type term |
unmediated |
| Media type code |
n |
| Source |
rdamedia. |
| 338 ## - CARRIER TYPE |
| Carrier type term |
volume |
| Carrier type code |
nc |
| Source |
rdacarrier. |
| 385 ## - AUDIENCE CHARACTERISTICS |
| Demographic group code |
age |
| Audience term |
Children |
| Source |
lcdgt. |
| 490 1# - SERIES STATEMENT |
| Series statement |
Primeros lectores ; |
| Volume/sequential designation |
9. |
| 546 ## - LANGUAGE NOTE |
| Language note |
In Spanish. |
| 655 #7 - INDEX TERM--GENRE/FORM |
| Genre/form data or focus term |
Detective and mystery fiction. |
| Source of term |
lcgft |
| Authority record control number |
https://id.loc.gov/authorities/genreForms/gf2014026280. |
| 655 #7 - INDEX TERM--GENRE/FORM |
| Genre/form data or focus term |
Spanish language edition |
| Form subdivision |
Juvenile |
| -- |
Fiction. |
| Source of term |
local. |
| 700 1# - ADDED ENTRY--PERSONAL NAME |
| Personal name |
Jim©♭nez, Daniel. |
| Authority record control number |
https://id.loc.gov/authorities/names/n98000347. |
| 830 #0 - SERIES ADDED ENTRY--UNIFORM TITLE |
| Uniform title |
Primeros lectores (Bamb©ð Editorial) ; |
| Authority record control number |
https://id.loc.gov/authorities/names/no2009052957 |
| Volume number/sequential designation |
9. |
| 830 #0 - SERIES ADDED ENTRY--UNIFORM TITLE |
| Uniform title |
Primeros lectores ; |
| Authority record control number |
https://id.loc.gov/authorities/names/no2003016897 |
| Volume number/sequential designation |
9. |
| 907 ## - LOCAL DATA ELEMENT G, LDG (RLIN) |
| a |
.b243603873 |
| 942 ## - ADDED ENTRY ELEMENTS (KOHA) |
| Koha item type |
Libro/Book |